[Event "Titled Tuesday intern op 23rd Jul Late"]
[Site "Chess.com INT"]
[Date "2024.07.23"]
[Round "3"]
[White "Quirke, Jeffrey"]
[Black "Womacka, Mathias"]
[Result "0-1"]
[WhiteElo "1979"]
[BlackElo "2359"]
[PlyCount "76"]
[EventDate "2024.07.23"]
[EventType "swiss (blitz)"]
[EventRounds "11"]
[EventCountry "USA"]
[SourceTitle "EXT 2025"]
[Source "ChessBase"]
[SourceDate "2024.10.14"]
[SourceVersion "1"]
[SourceVersionDate "2024.10.14"]
[SourceQuality "1"]

1. Nf3 c5 2. g3 Nc6 3. Bg2 g6 4. 0-0 Bg7 5. c4 e5 6. Nc3 Nge7 7. Ne1 a6 8. Nc2 Rb8 9. a4 0-0 10. Ne3 d6 11. d3 Be6 12. Ned5 Nb4 13. Bg5 f6 14. Bd2 Nexd5 15. cxd5 Bd7 16. Ne4 Qe7 17. Bxb4 cxb4 18. a5 f5 19. Nd2 e4 20. dxe4 Bxb2 21. Qb3 Bxa1 22. Rxa1 f4 23. Qxb4 Bb5 24. Nc4 fxg3 25. hxg3 Bxc4 26. Qxc4 Rxf2 27. Kxf2 Qf6+ 28. Bf3 Qxa1 29. Qc7 Rf8 30. Qxd6 Qc3 31. Qe6+ Kg7 32. e5 Qxa5 33. d6 Qc5+ 34. Kg2 b5 35. d7 b4 36. Qe8 Qd4 37. Bc6 b3 38. Qe7+ Kg8 0-1

[Event "Titled Tuesday intern op 16th Jul Late"]
[Site "Chess.com INT"]
[Date "2024.07.16"]
[Round "1"]
[White "Olenik Campa, Rudi"]
[Black "Quirke, Jeffrey"]
[Result "1-0"]
[WhiteElo "2320"]
[BlackElo "1979"]
[PlyCount "57"]
[EventDate "2024.07.16"]
[EventType "swiss (blitz)"]
[EventRounds "11"]
[EventCountry "USA"]
[SourceTitle "EXT 2025"]
[Source "ChessBase"]
[SourceDate "2024.10.14"]
[SourceVersion "1"]
[SourceVersionDate "2024.10.14"]
[SourceQuality "1"]

1. e4 c5 2. Nf3 Nc6 3. Bb5 Nf6 4. Qe2 Qc7 5. 0-0 e5 6. d3 Be7 7. c3 0-0 8. a4 d6 9. Nbd2 h6 10. Re1 Be6 11. Nf1 a6 12. Bc4 Rab8 13. Ne3 b5 14. axb5 axb5 15. Bd5 b4 16. Qc2 bxc3 17. bxc3 Bd8 18. Qa2 Qd7 19. h3 Bxd5 20. Nxd5 Nxd5 21. Qxd5 Ne7 22. Qc4 Qb7 23. d4 cxd4 24. cxd4 Ng6 25. Ba3 Bb6 26. Bxd6 Rbc8 27. Qb5 Rfd8 28. Bc5 Rb8 29. Rab1 1-0

[Event "Titled Tuesday intern op 16th Jul Late"]
[Site "Chess.com INT"]
[Date "2024.07.16"]
[Round "10"]
[White "Radhakrishnan, Sharath"]
[Black "Quirke, Jeffrey"]
[Result "0-1"]
[WhiteElo "2033"]
[BlackElo "1979"]
[PlyCount "92"]
[EventDate "2024.07.16"]
[EventType "swiss (blitz)"]
[EventRounds "11"]
[EventCountry "USA"]
[SourceTitle "EXT 2025"]
[Source "ChessBase"]
[SourceDate "2024.10.14"]
[SourceVersion "1"]
[SourceVersionDate "2024.10.14"]
[SourceQuality "1"]

1. e4 c5 2. Nf3 Nc6 3. Bb5 Nf6 4. d3 Qc7 5. 0-0 e6 6. c3 Be7 7. Re1 0-0 8. h3 a6 9. Ba4 b5 10. Bc2 Bb7 11. a4 d6 12. Bf4 Ne5 13. axb5 axb5 14. Na3 Bc6 15. d4 cxd4 16. cxd4 Nxf3+ 17. Qxf3 Qb7 18. b4 Rfc8 19. g4 d5 20. e5 Ne4 21. Bxe4 dxe4 22. Qb3 Bd5 23. Qb2 Ra4 24. Nc2 Rca8 25. Rxa4 Rxa4 26. Ra1 Qa6 27. Rxa4 Qxa4 28. Qc3 Bc4 29. Bd2 Qa2 30. Ne3 Qb1+ 31. Kg2 Qd3 32. Nxc4 bxc4 33. b5 Bd8 34. Qxd3 exd3 35. Kf3 Bb6 36. Ke4 Kf8 37. f4 Ke8 38. d5 exd5+ 39. Kxd5 c3 40. Bxc3 Be3 41. Kc6 d2 42. Bxd2 Bxd2 43. b6 Bxf4 44. Kd6 f6 45. b7 Bxe5+ 46. Kc6 Kf7 0-1